000 00648nam a2200181Ia 4500
003 GCL
008 140319s9999 xx 000 0 ara d
040 _aGCL /
_cGCL
082 0 4 _aق
_b962.031
_bع ن
100 1 _aعزيز خانكى
245 1 0 _aنابليون ومحمد على /
_cعزيز خانكى
260 _aالقاهرة :
_bالمطبعة العصرية
300 _a53 ص ؛
_c24 سم
650 0 4 _aنابليون بونابرت
650 0 4 _aمصر - تاريخ - العصر الحديث - عصر محمد على ( 1805- 1849 م )
650 0 4 _aمصر - تاريخ - العصر الحديث (1805 - 1956 )
942 _2ddc
_cBK
999 _c50631
_d50631